00474 a2200109 4500001001000000005001700010008004100027245013500068100002400203700002800227773010900255ART_1077020260410161854.0260409a 10aExistencia y fin de la persona humana en el Proyecto de unificación del Código Civil y Comercial de la Nación del año 20121 aJauregui, Andrea C.1 aMac Donnell, Eduardo J.0 tDerecho privadogReforma del Código Civil I. Aspectos generales - Año I, Nº 2 (sep. 2012)wREV10455